L.I.C 2005 (V-1) JAN TO MARCH (Record no. 6832)

MARC details
000 -LEADER
fixed length control field 00348nam a22001457a 4500
005 - DATE AND TIME OF LATEST TRANSACTION
control field 20200606103116.0
008 - FIXED-LENGTH DATA ELEMENTS--GENERAL INFORMATION
fixed length control field 200606b xxu||||| |||| 00| 0 eng d
082 ## - DEWEY DECIMAL CLASSIFICATION NUMBER
Classification number 345.4
110 ## - MAIN ENTRY--CORPORATE NAME
Corporate name or jurisdiction name as entry element LAW
245 ## - TITLE STATEMENT
Title L.I.C 2005 (V-1) JAN TO MARCH
260 ## - PUBLICATION, DISTRIBUTION, ETC. (IMPRINT)
Place of publication DELHI
Name of publisher ALL INDIA REPORTER PVT.LTD
300 ## - PHYSICAL DESCRIPTION
Number of Pages 1056;p
650 ## - SUBJECT ADDED ENTRY--TOPICAL TERM
Topical Term LAW
942 ## - ADDED ENTRY ELEMENTS (KOHA)
Koha item type Journals/Serial
Holdings
Lost status Damaged status Collection code Home library Current library Shelving location Date acquired Source of acquisition Full call number Accession Number Koha item type
    LAW JRU Library JRU Library SHELF-41-C 18/06/2020 PURCHESS 345.4 24427 Journals/Serial